书目信息 |
| 题名: |
化工(危险化学品)企业安全管理人员安全管理知识问答
|
|
| 作者: | ;中国化学品安全协会 主编 | |
| 分册: | ||
| 出版信息: | 北京 中国石化出版社 2018.04 |
|
| 页数: | 460页 | |
| 开本: | 24cm | |
| 丛书名: | 危险化学品安全管理知识问答系列丛书 | |
| 单 册: | ||
| 中图分类: | TQ086 , F426.4-44 | |
| 科图分类: | ||
| 主题词: | 化工企业--安全生产--中国 , 工业经济--中国 | |
| 电子资源: | ||
| ISBN: | 978-7-5114-4855-2 | |
| 000 | 01295oam2 2200265 450 | |
| 001 | 315 | |
| 005 | 20180921171220.97 | |
| 010 | @a978-7-5114-4855-2@dCNY96.00 | |
| 100 | @a20180714d2018 em y0chiy50 ea | |
| 101 | 0 | @achi |
| 102 | @aCN@b110000 | |
| 105 | @ay z 000yy | |
| 200 | 1 | @a化工(危险化学品)企业安全管理人员安全管理知识问答@9hua gong(wei xian hua xue pin)qi ye an quan guan li ren yuan an quan guan li zhi shi wen da@f中国化学品安全协会主编 |
| 210 | @a北京@c中国石化出版社@d2018.04 | |
| 215 | @a460页@d24cm | |
| 225 | 1 | @a危险化学品安全管理知识问答系列丛书 |
| 330 | @a本书内容涵盖企业安全生产管理人员需要了解和掌握的国家安全生产方针政策、法律法规、项目建设和试生产、行政许可、安全生产责任、安全管理制度、安全教育和培训、危险化学品管理、风险管控和隐患排查、变更管理、关键装置要害部位管理、承包商管理、设备设施安全管理、安全设施和安全仪表、检维修和开停车、特殊作业、职业健康、应急管理、事故事件、安全生产标准化、过程安全管理体系及安全文化等方面的知识。 | |
| 461 | 0 | @12001 @a危险化学品安全管理知识问答系列丛书 |
| 606 | 0 | @a化工企业@x安全生产@y中国 |
| 606 | 0 | @a工业经济@x中国 |
| 690 | @aTQ086@v5 | |
| 690 | @aF426.4-44@v4 | |
| 711 | 02 | @a中国化学品安全协会@9zhong guo hua xue pin an quan xie hui@4主编 |
| 801 | 0 | @aCN@b91MARC@c20180714 |
| 905 | @aMuseLib@dF426.4-44@e178 | |
| 化工(危险化学品)企业安全管理人员安全管理知识问答/中国化学品安全协会主编.-北京:中国石化出版社,2018.04 |
| 460页;24cm.-(危险化学品安全管理知识问答系列丛书) |
| ISBN 978-7-5114-4855-2:CNY96.00 |
| 本书内容涵盖企业安全生产管理人员需要了解和掌握的国家安全生产方针政策、法律法规、项目建设和试生产、行政许可、安全生产责任、安全管理制度、安全教育和培训、危险化学品管理、风险管控和隐患排查、变更管理、关键装置要害部位管理、承包商管理、设备设施安全管理、安全设施和安全仪表、检维修和开停车、特殊作业、职业健康、应急管理、事故事件、安全生产标准化、过程安全管理体系及安全文化等方面的知识。 |
| ● |
| 相关链接 |
|
|
|
|
正题名:化工(危险化学品)企业安全管理人员安全管理知识问答
索取号:F426.4-44/178
 
预约/预借
| 序号 | 登录号 | 条形码 | 馆藏地/架位号 | 状态 | 备注 |
| 1 | 1119299 | 211192993 | 第一样本阅览室/ [索取号:F426.4-44/178] | 在馆 | |
| 2 | 1119300 | 211193000 | 化学系资料室/ [索取号:F426.4-44/178] | 在馆 | |
| 3 | 1119301 | 211193019 | 第一借阅区/ [索取号:F426.4-44/178] | 在馆 | |
| 4 | 1119302 | 211193028 | 第一借阅区/ [索取号:F426.4-44/178] | 在馆 | |
| 5 | 1119303 | 211193037 | 第一借阅区/ [索取号:F426.4-44/178] | 在馆 |